000 00657nam a22002177a 4500
003 OSt
005 20180116192412.0
008 121129t1980 xxu||||| |||| 00| 0 eng d
020 _a9780870232923
020 _a0870232924
040 _c0
082 _a917.3
100 1 _aJackson, John Brinckerhoff
_96006
245 1 4 _aThe necessity for ruins, and other topics/
_cJackson, John Brinckerhoff
260 _aAmherst :
_bThe Massachusetts Press;
_c1980
300 _a129p. :
_c22 cm.
650 _aLandscape assessment
_zUnited States
_96007
650 _aTravel
_96008
942 _2ddc
_cBK
999 _c353567
_d353567